000 01178nam a22002537a 4500
005 20170124102958.0
010 _a882390
020 _c00.00
035 _a882390
037 _bCen Lib/Ret
040 _aDPL
_bHN
082 _a810.9
_bउपाध्या
100 _aउपाध्याय, आचार्य बलदेव
_953878
245 _aसंस्कृत साहित्य का संक्षिप इतिहास /
_cआचार्य बलदेव उपाध्याय
246 _aSanskriti sahitya ka sankship itihaas /
_bby Aacharya Baldev Upadhyay
260 _aवाराणसी
_bशारदा शंस्थान
_c1977
270 _aरविन्द्रपुरी, दुर्गाकुंड
_bवाराणसी
300 _a341पृ.
_c20सेमी (सजिल्द)
650 _aसंस्कृत साहित्य
_9442
650 _aसंस्कृत साहित्य -- इतिहास
_96610
650 _aSanskrit literature
_953879
650 _aSanskrit literature -- History
_953880
942 _2ddc
_cHN
_h810.9
_mउपाध्या
999 _c113796
_d113796